Análisis de características morfométricas en cangrejos (<Crustacea: Decapoda: Pseudothelphusidae>) usando métodos multivariados (Registro nro. 14413)

Detalles MARC
000 -CABECERA
Campo de control 003730000a22001090004500
090 ## - CLASIFICACIÓN LOCAL
Colección AS
Consecutivo Seriadas
041 0# - IDIOMA
Código de idioma para texto/pista de sonido o título separado
100 1# - ASIENTO PRINCIPAL--NOMBRE PERSONAL
Nombre personal Campos, Martha R.
245 10 - MENCION DE TITULO
Título Análisis de características morfométricas en cangrejos (<Crustacea: Decapoda: Pseudothelphusidae>) usando métodos multivariados
773 1# - Item fuente:
Título Caldasia
Especificación de materiales 45
Descripción física 76
Paginas del Articulo 87-92
Lugar, editorial y fecha de publicación 1989
Información sobre la relación 16
942 ## - ELEMENTOS ADICIONALES (KOHA)
Tipo de ítem Artículo

No hay ítems disponibles.